[Event "Barcelona Sant Marti op-B 23rd"]
[Site "Barcelona"]
[Date "2023.07.16"]
[Round "4"]
[White "Rojas Fernandez, Andres"]
[Black "Garcia Canals, Gerard"]
[Result "1-0"]
[WhiteElo "1847"]
[BlackElo "1635"]
[PlyCount "75"]
[EventDate "2023.07.13"]
[EventType "swiss"]
[EventRounds "9"]
[EventCountry "ESP"]
[SourceTitle "CBM 215 Extra"]
[Source "ChessBase"]
[SourceDate "2023.09.30"]
[SourceVersion "1"]
[SourceVersionDate "2023.09.30"]
[SourceQuality "1"]

1. e4 c6 2. d4 d5 3. Nc3 dxe4 4. Nxe4 Nf6 5. Nxf6+ exf6 6. Bf4 Bd6 7. Qd2 Bf5 8. Qe3+ Be6 9. Bd3 Bxf4 10. Qxf4 Qa5+ 11. c3 0-0 12. Ne2 Re8 13. b4 Qb6 14. 0-0 Nd7 15. Ng3 Nf8 16. Ne4 Ng6 17. Qg3 Bf5 18. Rfe1 Bxe4 19. Bxe4 a5 20. a3 axb4 21. Bxg6 Rxe1+ 22. Rxe1 bxa3 23. Bb1 g6 24. h4 a2 25. Bxa2 Rxa2 26. Re8+ Kg7 27. Qd6 Qb1+ 28. Kh2 g5 29. Qf8+ Kg6 30. hxg5 fxg5 31. Qg8+ Kf6 32. Qh8+ Kg6 33. Rg8+ Kh5 34. Qf6 Qc1 35. Qxf7+ Kh6 36. Qxa2 Qf4+ 37. g3 Qg4 38. Qf7 1-0

[Event "Barcelona Sant Marti op-B 22nd"]
[Site "Barcelona"]
[Date "2022.07.15"]
[Round "3"]
[White "Garcia Canals, Gerard"]
[Black "Pascual Gonzalez, Novelles David"]
[Result "0-1"]
[WhiteElo "1269"]
[BlackElo "1554"]
[PlyCount "126"]
[EventDate "2022.07.13"]
[EventType "swiss"]
[EventRounds "9"]
[EventCountry "ESP"]
[SourceTitle "CBM 210 Extra"]
[Source "ChessBase"]
[SourceDate "2022.11.30"]
[SourceVersion "1"]
[SourceVersionDate "2022.11.30"]
[SourceQuality "1"]

1. d4 d5 2. c4 c6 3. Nc3 Nf6 4. Nf3 Bf5 5. Bf4 Nbd7 6. e3 e6 7. Bd3 Bxd3 8. Qxd3 Be7 9. Rb1 0-0 10. 0-0 h6 11. b4 dxc4 12. Qxc4 Nb6 13. Qd3 Nbd5 14. Nxd5 Nxd5 15. a3 Nxf4 16. exf4 Qc7 17. g3 Rfd8 18. Qe3 a5 19. Rfc1 axb4 20. axb4 Qd6 21. b5 Qd5 22. bxc6 bxc6 23. Rb2 Ba3 24. Rbc2 Bxc1 25. Rxc1 Ra6 26. Rc5 Qa2 27. Qe5 Qb1+ 28. Kg2 Ra1 29. Nd2 Qd1 30. Qe3 Qh1+ 31. Kh3 Rd5 32. Nf3 Qf1+ 33. Kh4 Rxc5 34. dxc5 Qb1 35. Ne5 Qb7 36. Qd4 Ra8 37. Qd6 Rc8 38. g4 Qc7 39. Qd4 Rd8 40. Qe4 Rd5 41. Qe3 Qe7+ 42. Kg3 Qxc5 43. Qb3 Qb5 44. Qa3 Qb7 45. Nc4 Rb5 46. Kh4 g5+ 47. fxg5 Rxg5 48. f4 Rd5 49. Ne5 c5 50. Qa4 Qe7+ 51. Kg3 Kg7 52. Qa1 Qf6 53. Qe1 Rd4 54. Qf2 Ra4 55. Nd7 Qc3+ 56. Kh4 Ra3 57. Qg2 Rb3 58. g5 Qe1+ 59. Kh5 Qd1+ 60. Kh4 h5 61. Nxc5 Rc3 62. Ne4 Rc2 63. Qg3 Rxh2+ 0-1

[Event "Barcelona Sant Marti op-B 22nd"]
[Site "Barcelona"]
[Date "2022.07.13"]
[Round "1"]
[White "Garcia Canals, Gerard"]
[Black "Corominas Garrido, Jordi"]
[Result "0-1"]
[WhiteElo "1269"]
[BlackElo "1686"]
[PlyCount "120"]
[EventDate "2022.07.13"]
[EventType "swiss"]
[EventRounds "9"]
[EventCountry "ESP"]
[SourceTitle "CBM 210 Extra"]
[Source "ChessBase"]
[SourceDate "2022.11.30"]
[SourceVersion "1"]
[SourceVersionDate "2022.11.30"]
[SourceQuality "1"]

1. d4 d5 2. c4 c6 3. Nc3 Nf6 4. Nf3 e6 5. e3 Bd6 6. Bd3 dxc4 7. Bxc4 Nbd7 8. e4 e5 9. dxe5 Nxe5 10. Nxe5 Bxe5 11. Qxd8+ Kxd8 12. f3 Ke7 13. 0-0 Be6 14. Bxe6 Kxe6 15. Be3 Rhd8 16. Rfd1 b6 17. Rac1 Rxd1+ 18. Nxd1 c5 19. f4 Bd4 20. Bxd4 cxd4 21. Nf2 Ne8 22. Rc6+ Ke7 23. Nd3 Rd8 24. Kf2 Rd6 25. Nb4 Kd7 26. Rxd6+ Nxd6 27. e5 Nf5 28. Ke2 Ne3 29. g3 a5 30. Nd3 Kc6 31. Nc1 Kd5 32. Kd3 Ng4 33. Nb3 f6 34. exf6 gxf6 35. Nxd4 Nxh2 36. Nc2 Ng4 37. b4 f5 38. b5 Nf2+ 39. Ke2 Ne4 40. Ne3+ Ke6 41. Kf3 Nc3 42. Nc4 Nxa2 43. Nxb6 Nc3 44. Nc4 a4 45. b6 Kd7 46. g4 fxg4+ 47. Kxg4 Nd5 48. f5 Kc6 49. Kg5 Nxb6 50. f6 Nd7 51. f7 Nf8 52. Ne5+ Kd6 53. Kf6 h5 54. Ng6 Nd7+ 55. Kg7 a3 56. Nf8 Ne5 57. Ne6 Nxf7 58. Nf4 Kc5 59. Nd3+ Kc4 60. Nc1 h4 0-1

[Event "Foment Martinenc op-C 22nd"]
[Site "Barcelona"]
[Date "2022.06.11"]
[Round "8"]
[White "Garcia Canals, Gerard"]
[Black "Berbel Gutierrez, Jose Guillermo"]
[Result "1-0"]
[WhiteElo "1456"]
[BlackElo "1791"]
[PlyCount "39"]
[EventDate "2022.04.23"]
[EventType "swiss"]
[EventRounds "9"]
[EventCountry "ESP"]
[SourceTitle "EXT 2023"]
[Source "ChessBase"]
[SourceDate "2022.10.05"]
[SourceVersion "1"]
[SourceVersionDate "2022.10.05"]
[SourceQuality "1"]

1. d4 Nf6 2. c4 g6 3. Nc3 d5 4. e3 Bg7 5. Nf3 0-0 6. Bd3 dxc4 7. Bxc4 Bg4 8. h3 Bf5 9. Qb3 Qc8 10. Ng5 e6 11. e4 h6 12. exf5 hxg5 13. fxg6 Nd5 14. gxf7+ Kh8 15. Nxd5 exd5 16. Bxd5 c6 17. Be6 Qc7 18. Qf3 Bh6 19. Qf6+ Bg7 20. Qg6 1-0